Estadística para administradores / (Record no. 111832)

MARC details
000 -LEADER
campo de control de longitud fija 01463cam a2200433Ia 4500
001 - NÚMERO DE CONTROL
campo de control 90765
005 - FECHA Y HORA DE LA ÚLTIMA TRANSACCIÓN
campo de control 20230411090049.0
008 - DATOS DE LONGITUD FIJA--INFORMACIÓN GENERAL
campo de control de longitud fija 971215s1996 mx a b 000 0 spa d
035 ## - NÚMERO DE CONTROL DEL SISTEMA
Número de control de sistema (OCoLC)ocm38087324
040 ## - FUENTE DE CATALOGACIÓN
Centro catalogador/agencia de origen DQ$
Centro/agencia transcriptor DQ$
Centro/agencia modificador PL#
-- OCLCQ
-- NRM
019 ## -
-- 51326548
020 ## - NÚMERO INTERNACIONAL ESTÁNDAR DEL LIBRO
Número Internacional Estándar del Libro 9688806757
020 ## - NÚMERO INTERNACIONAL ESTÁNDAR DEL LIBRO
Número Internacional Estándar del Libro 9789688806753
035 ## - NÚMERO DE CONTROL DEL SISTEMA
Número de control de sistema (OCoLC)38087324
Número de control cancelado/no válido (OCoLC)51326548
090 ## - LOCALMENTE ASIGNADO TIPO-LC NÚMERO DE CLASIFICACIÓN (OCLC); NÚMERO DE CLASIFICACIÓN LOCAL (RLIN)
Número de clasificación (OCLC) (R) ; Numero de clasificación, CALL (RLIN) (NR) HA29
Número cutter local (OCLC) ; Número de libro/Signatura topográfica íntegra, CALL (RLIN) L4818 1996
092 ## - ASIGNACIÓN LOCAL DE SIGNATURA TOPOGRÁFICA DEWEY (OCLC)
Número de clasificación 519.5
049 ## - FONDOS LOCALES (OCLC)
Biblioteca depositaria GRAL
100 1# - ENTRADA PRINCIPAL--NOMBRE DE PERSONA
Nombre de persona Levin, Richard I.
245 10 - MENCIÓN DEL TÍTULO
Título Estadística para administradores /
Mención de responsabilidad, etc. Richard I. Levin, David S. Rubin ; tr. Angel Homero Flores Samaniego.
250 ## - MENCION DE EDICION
Mención de edición 3a. ed.
260 ## - PUBLICACIÓN, DISTRIBUCIÓN, ETC.
Lugar de publicación, distribución, etc. México :
Nombre del editor, distribuidor, etc. Prentice-Hall Hispanoamericana,
Fecha de publicación, distribución, etc. 1996.
300 ## - DESCRIPCIÓN FÍSICA
Extensión 1018 p. :
Otras características físicas ill. ;
Dimensiones 26 cm.
500 ## - NOTA GENERAL
Nota general Tít. orig. : Statistics for management, 6a. ed.
504 ## - NOTA DE BIBLIOGRAFÍA, ETC.
Nota de bibliografía, etc. Bibliografía e índice analítico.
650 #4 - PUNTO DE ACCESO ADICIONAL DE MATERIA--TÉRMINO DE MATERIA
Término de materia o nombre geográfico como elemento de entrada Ciencias sociales
Subdivisión general Métodos estadâisticos.
650 #4 - PUNTO DE ACCESO ADICIONAL DE MATERIA--TÉRMINO DE MATERIA
Término de materia o nombre geográfico como elemento de entrada Estadísticas comerciales.
650 #4 - PUNTO DE ACCESO ADICIONAL DE MATERIA--TÉRMINO DE MATERIA
Término de materia o nombre geográfico como elemento de entrada Administración
Subdivisión general Métodos estadísticos.
653 ## - TÉRMINO DE INDIZACIÓN--NO CONTROLADO
Término no controlado Ciencias sociales
-- Métodos estadísticos.
653 ## - TÉRMINO DE INDIZACIÓN--NO CONTROLADO
Término no controlado Estadísticas comerciales.
650 #0 - PUNTO DE ACCESO ADICIONAL DE MATERIA--TÉRMINO DE MATERIA
Término de materia o nombre geográfico como elemento de entrada Social sciences
Subdivisión general Statistical methods.
650 #0 - PUNTO DE ACCESO ADICIONAL DE MATERIA--TÉRMINO DE MATERIA
Término de materia o nombre geográfico como elemento de entrada Commercial statistics.
650 #0 - PUNTO DE ACCESO ADICIONAL DE MATERIA--TÉRMINO DE MATERIA
Término de materia o nombre geográfico como elemento de entrada Management
Subdivisión general Statistical methods.
700 1# - ENTRADA AGREGADA--NOMBRE PERSONAL
Nombre de persona Rubin, David, S.
700 1# - ENTRADA AGREGADA--NOMBRE PERSONAL
Nombre de persona Flores Samaniego, Angel Homero,
Término indicativo de función/relación tr.
938 ## -
-- Puvill Libros
-- PUVL
-- 9688806757
-- $41.07
942 ## - ELEMENTOS DE ENTRADA SECUNDARIOS (KOHA)
Fuente del sistema de clasificación o colocación Clasificación de Library of Congress
Tipo de ítem Koha
994 ## -
-- C0
-- DRFGD
946 ## - PROCESAMIENTO DE INFORMACIÓN LOCAL (OCLC)
a web
Holdings
Estatus retirado Estado de pérdida Fuente del sistema de clasificación o colocación Estado de daño No para préstamo Colección Biblioteca de origen Biblioteca actual Ubicación en estantería Fecha de adquisición Código de barras Visto por última vez Copia número Tipo de ítem Koha
    Clasificación de Library of Congress     Automatización y Procesos Técnicos Biblioteca Juan Bosch Biblioteca Juan Bosch Automatización y Procesos Técnicos (1er. Piso) 11/04/2023 00000084638 17/02/2019 1